000 00687nam a2200277Ia 4500
001 Z_5057
003 CHAP
008 220113s1989 xx 000 0 und d
010 _a168114
040 _cCHAP
090 _aFolleto 672
100 _aFAO
_9137368
245 _aLa cría de conejos 1 : lo primero que hay que saber cómo construir las jaulas, cómo escoger los conejos /
_cpor FAO
260 _aRoma :
_bFAO,
_c1989
300 _a56 p. ; ilus.
440 _aMejores cultivos ; 36
_9142394
500 _a
503 _a
650 _aCunicultura
_930449
901 _aFolleto 672
902 _aA
910 _a1989
942 _cc14
942 _cc14
999 _c168114
_d168114